| Tag |
First Indicator |
Second Indicator |
Subfields |
| LEADER |
00000pam a2200000 i 4500 |
| 001 |
in00000062571 |
| 005 |
20151007083021.0 |
| 008 |
791022s1980 mdu b 00100 eng |
| 010 |
|
|
|a 79026311
|
| 020 |
|
|
|a 093371601X
|
| 035 |
|
|
|a (OCoLC)05677197
|
| 035 |
|
|
|9 AAF8735AM
|
| 040 |
|
|
|a DLC
|c DLC
|d TXA
|d UtOrBLW
|
| 043 |
|
|
|a n-us---
|
| 049 |
|
|
|a TXAM
|c [1159893]
|
| 050 |
0 |
0 |
|a KF480.A7
|b L43
|
| 082 |
0 |
|
|a 346/.73/013
|
| 245 |
0 |
4 |
|a The Legal rights of handicapped persons :
|b cases, materials, and text /
|c edited by Robert L. Burgdorf, Jr.
|
| 264 |
|
1 |
|a Baltimore :
|b P. H. Brookes Publishers,
|c [1980]
|
| 264 |
|
4 |
|c ©1980
|
| 300 |
|
|
|a xlix, 1127 pages ;
|c 24 cm.
|
| 336 |
|
|
|a text
|b txt
|2 rdacontent
|
| 337 |
|
|
|a unmediated
|b n
|2 rdamedia
|
| 338 |
|
|
|a volume
|b nc
|2 rdacarrier
|
| 504 |
|
|
|a Includes bibliographical references and index.
|
| 650 |
|
0 |
|a People with disabilities
|x Legal status, laws, etc.
|z United States
|x Cases.
|
| 700 |
1 |
|
|a Burgdorf, Robert L.,
|d 1948-
|
| 999 |
|
|
|a MARS
|
| 999 |
f |
f |
|s cbc4a440-bc99-3fdc-b13a-5c388590a90d
|i 19667051-14ca-315c-ad69-a5ba62679738
|t 0
|
| 952 |
f |
f |
|p ric
|a Texas A&M University
|b Rellis Campus
|c Joint Library Facility
|d Remote Storage
|t 0
|e KF480.A7 L43
|h Library of Congress classification
|i unmediated -- volume
|m A14803161624
|
| 998 |
f |
f |
|a KF480.A7 L43
|t 0
|l Remote Storage
|